000 00344nas a2200157 a 4500
001 78303
003 154182
005 20201118111521.0
008 ||||||n9999 ||| || ||
245 0 _aTime - Vol.156 No.16
260 _aEstados Unidos :
562 _e1
773 _021966
_aTime
942 _cSISS
999 _c78303
_d78303